Normal view
MARC view
Entry Personal Name
001 - CONTROL NUMBER
- control field: 12865
003 - CONTROL NUMBER IDENTIFIER
- control field: OSt
005 - DATE AND TIME OF LATEST TRANSACTION
- control field: 20190827103327.0
008 - FIXED-LENGTH DATA ELEMENTS
- fixed length control field: 190827|| aca||aabn | a|a d
040 ## - CATALOGING SOURCE
- Original cataloging agency: OSt
- Transcribing agency: OSt
100 ## - HEADING--PERSONAL NAME
- Personal name: Cosentino,Donald;
670 ## - SOURCE DATA FOUND
- Source citation: Work cat.: (OSt): Cosentino,Donald;, Defiant maids and sturbon farmers;, 1982
